000 00460nam a2200157Ia 4500
003 GCL
008 140319s9999 xx 000 0 eng d
040 _aGCL /
_cGCL
082 0 4 _a610.76
_bF R
100 1 _aFROHLICH, EDWARD D.
245 1 0 _aRYPINS' QUESTION & ANSWERS FOR BASIC SCIENCE REVIEW. 2ND ED. /
_cFROHLICH, EDWARD D.
260 _a[S.N] :
_bJ. B LIPPINCOTT COMPANY ،
_c1993
300 _a211 P
650 0 4 _aMEDICAL EXAMINATIONS
942 _2ddc
_cBK
999 _c21310
_d21310